[Event "Porto San Giorgio op 8th"]
[Site "Porto San Giorgio"]
[Date "1996.??.??"]
[Round "?"]
[White "Nicevski, Risto"]
[Black "Efimov, Igor"]
[Result "0-1"]
[WhiteElo "2335"]
[BlackElo "2455"]
[PlyCount "84"]
[EventDate "1996.08.??"]
[EventType "swiss"]
[EventRounds "9"]
[EventCountry "ITA"]
[SourceTitle "EXT 2000"]
[Source "ChessBase"]
[SourceDate "1999.11.16"]
[SourceVersion "1"]
[SourceVersionDate "1999.11.16"]
[SourceQuality "1"]

1. e4 c5 2. Nf3 Nc6 3. Nc3 d6 4. d4 cxd4 5. Nxd4 Nf6 6. Bg5 e6 7. Qd2 a6 8. 0-0-0 Bd7 9. f3 h6 10. Be3 Qc7 11. g4 Rb8 12. Nxc6 Bxc6 13. Rg1 b5 14. h4 Nd7 15. Ne2 Nb6 16. Nd4 Bd7 17. Qa5 Qb7 18. b3 d5 19. e5 Be7 20. g5 Nc4 21. bxc4 bxc4 22. a3 hxg5 23. Kd2 Rxh4 24. Be2 Qb2 25. Qc3 Qxc3+ 26. Kxc3 f6 27. exf6 gxf6 28. Rb1 Rc8 29. Bf2 e5 30. Bxh4 exd4+ 31. Kd2 gxh4 32. f4 Kf8 33. Bf3 Bd6 34. Bxd5 Bxf4+ 35. Ke2 Bg5 36. Kf3 d3 37. cxd3 cxd3 38. Bb7 Rc3 39. Bxa6 d2+ 40. Ke4 Rxa3 41. Bb7 Ba4 42. Kf5 Bc2+ 0-1

[Event "Porto San Giorgio op 8th"]
[Site "Porto San Giorgio"]
[Date "1996.??.??"]
[Round "?"]
[White "Nicevski, Risto"]
[Black "Laketic, Gojko"]
[Result "0-1"]
[WhiteElo "2335"]
[BlackElo "2465"]
[PlyCount "80"]
[EventDate "1996.08.??"]
[EventType "swiss"]
[EventRounds "9"]
[EventCountry "ITA"]
[SourceTitle "EXT 2000"]
[Source "ChessBase"]
[SourceDate "1999.11.16"]
[SourceVersion "1"]
[SourceVersionDate "1999.11.16"]
[SourceQuality "1"]

1. d4 Nf6 2. c4 g6 3. Nc3 Bg7 4. e4 d6 5. Nf3 0-0 6. Be2 c5 7. d5 e6 8. 0-0 Re8 9. Nd2 Na6 10. Rb1 Nc7 11. a4 Rb8 12. f4 b6 13. Bf3 exd5 14. cxd5 Ba6 15. Re1 Bd3 16. Ra1 Qd7 17. Nf1 c4 18. g4 h6 19. Ng3 Re7 20. Bd2 Rbe8 21. g5 hxg5 22. fxg5 Nh7 23. Bg4 Qd8 24. h4 Na6 25. Qf3 Nc5 26. Rad1 Nf8 27. Kh2 Qc7 28. h5 Nfd7 29. Nf5 gxf5 30. Bxf5 Bxc3 31. Bxc3 Bxe4 32. Rxe4 Rxe4 33. g6 Ne5 34. Bxe5 R4xe5 35. Rg1 f6 36. g7 Rxf5 37. Qxf5 Qe7 38. h6 Qe5+ 39. Qxe5 fxe5 40. Rg6 e4 0-1

[Event "Cattolica op"]
[Site "Cattolica"]
[Date "1994.??.??"]
[Round "?"]
[White "Godena, Michele"]
[Black "Nicevski, Risto"]
[Result "1-0"]
[WhiteElo "2480"]
[BlackElo "2380"]
[PlyCount "69"]
[EventDate "1994.??.??"]
[EventType "swiss"]
[EventRounds "9"]
[EventCountry "ITA"]
[SourceTitle "EXT 2002"]
[Source "ChessBase"]
[SourceDate "2001.11.25"]
[SourceVersion "1"]
[SourceVersionDate "2001.11.25"]
[SourceQuality "1"]

1. e4 e6 2. d4 d5 3. Nd2 dxe4 4. Nxe4 Be7 5. Nf3 Nf6 6. Bd3 Nxe4 7. Bxe4 Nd7 8. Qe2 a6 9. c3 c5 10. 0-0 cxd4 11. Nxd4 Qc7 12. Re1 0-0 13. Bc2 Bf6 14. Qe4 g6 15. Bh6 Re8 16. Rad1 Bg7 17. Qh4 Nf8 18. Rd3 Bd7 19. Rf3 Bxh6 20. Qxh6 e5 21. Bb3 Re7 22. Qg5 Rae8 23. Qf6 Ba4 24. Nf5 gxf5 25. Bxa4 b5 26. Rg3+ Ng6 27. Bb3 f4 28. Rg5 Rd7 29. h4 Rd6 30. Qf5 e4 31. h5 e3 32. fxe3 Qa7 33. hxg6 hxg6 34. Rxg6+ Rxg6 35. Qxg6+ 1-0

[Event "Amantea op"]
[Site "Amantea"]
[Date "1994.??.??"]
[Round "?"]
[White "Nicevski, Risto"]
[Black "Borgo, Giulio"]
[Result "0-1"]
[WhiteElo "2335"]
[BlackElo "2320"]
[PlyCount "70"]
[EventDate "1994.09.??"]
[EventType "swiss"]
[EventRounds "7"]
[EventCountry "ITA"]
[SourceTitle "EXT 2000"]
[Source "ChessBase"]
[SourceDate "1999.11.16"]
[SourceVersion "1"]
[SourceVersionDate "1999.11.16"]
[SourceQuality "1"]

1. e4 c5 2. Nf3 Nc6 3. Nc3 Nf6 4. e5 Ng4 5. Qe2 Qc7 6. Nb5 Qb8 7. d4 cxd4 8. Bf4 f6 9. 0-0-0 Ngxe5 10. Nfxd4 a6 11. Nxc6 bxc6 12. Nc3 Nd3+ 13. Rxd3 Qxf4+ 14. Kb1 e6 15. h4 Rb8 16. g3 Qe5 17. Re3 Qa5 18. Bh3 Bc5 19. Rd3 0-0 20. Rhd1 f5 21. f4 d5 22. Ka1 Qb4 23. Rb1 Bd7 24. Bg2 Bd4 25. Nd1 Bf6 26. c3 Qa5 27. Ne3 Rb5 28. Rbd1 Rfb8 29. Nc4 dxc4 30. Rxd7 Bxc3 31. Rd8+ Rxd8 32. Rxd8+ Qxd8 33. bxc3 Qd6 34. Bf1 Kf8 35. Qc2 Rd5 0-1

[Event "West End op"]
[Site "Italy"]
[Date "1994.??.??"]
[Round "4"]
[White "Nicevski, Risto"]
[Black "Zelcic, Robert"]
[Result "1-0"]
[WhiteElo "2380"]
[BlackElo "2460"]
[PlyCount "57"]
[EventDate "1994.??.??"]
[EventType "swiss"]
[EventRounds "4"]
[EventCountry "ITA"]
[SourceTitle "EXT 2000"]
[Source "ChessBase"]
[SourceDate "1999.11.16"]
[SourceVersion "1"]
[SourceVersionDate "1999.11.16"]
[SourceQuality "1"]

1. e4 e6 2. d4 d5 3. exd5 exd5 4. Nf3 Bd6 5. c4 dxc4 6. Bxc4 Nf6 7. 0-0 0-0 8. Nc3 Bg4 9. h3 Bh5 10. g4 Bg6 11. Ne5 c5 12. Nxg6 hxg6 13. dxc5 Bxc5 14. Bxf7+ Kh7 15. Qxd8 Rxd8 16. Bg5 Nc6 17. Rae1 Bd4 18. Kg2 Ne5 19. Bb3 Rac8 20. Ne4 Nd3 21. Re2 Re8 22. Nxf6+ gxf6 23. Rd2 Ne1+ 24. Kg3 Rcd8 25. Rxd4 Rxd4 26. Be3 Rde4 27. Rxe1 f5 28. Rd1 a5 29. Bg5 1-0

[Event "San Benedetto op"]
[Site "San Benedetto del Tronto"]
[Date "1991.??.??"]
[Round "?"]
[White "Kosten, Anthony C"]
[Black "Nicevski, Risto"]
[Result "1-0"]
[WhiteElo "2515"]
[BlackElo "2345"]
[PlyCount "61"]
[EventDate "1991.??.??"]
[EventType "swiss"]
[EventRounds "9"]
[EventCountry "ITA"]
[SourceTitle "EXT 2002"]
[Source "ChessBase"]
[SourceDate "2001.11.25"]
[SourceVersion "1"]
[SourceVersionDate "2001.11.25"]
[SourceQuality "1"]

1. e4 c5 2. Nf3 d6 3. d4 Nf6 4. Nc3 cxd4 5. Nxd4 Nc6 6. f4 g6 7. Be2 Bg7 8. Be3 0-0 9. Nb3 a5 10. a4 Nb4 11. 0-0 Be6 12. Nd4 Qc8 13. Kh1 Bc4 14. Bd3 e5 15. Ndb5 d5 16. Nd6 Qe6 17. Bxc4 exf4 18. Nxd5 Nbxd5 19. Bxf4 Nxf4 20. Bxe6 Nxe6 21. e5 Nh5 22. Nxf7 Nhf4 23. g3 Rxf7 24. gxf4 Rd8 25. Qg4 Rf5 26. Rad1 Rdf8 27. Qe2 Rc8 28. Qb5 Nxf4 29. Qb3+ Kh8 30. e6 Bf6 31. Qxb7 1-0

[Event "Cheliabinsk-A"]
[Site "Cheliabinsk"]
[Date "1991.??.??"]
[Round "?"]
[White "Nicevski, Risto"]
[Black "Ionov, Sergey"]
[Result "1/2-1/2"]
[WhiteElo "2345"]
[BlackElo "2510"]
[PlyCount "31"]
[EventDate "1991.12.??"]
[EventType "tourn"]
[EventRounds "15"]
[EventCountry "URS"]
[EventCategory "10"]
[SourceTitle "EXT 1997"]
[Source "ChessBase"]
[SourceDate "1996.11.15"]
[SourceVersion "1"]
[SourceVersionDate "1996.11.15"]
[SourceQuality "1"]

1. e4 c5 2. Nc3 Nc6 3. f4 e6 4. Nf3 a6 5. d4 cxd4 6. Nxd4 Nge7 7. Nb3 b5 8. Be3 d6 9. Qd2 Bb7 10. 0-0-0 Nc8 11. e5 Be7 12. Qf2 Qc7 13. exd6 Nxd6 14. Bb6 Qc8 15. Bc5 Qc7 16. Bd3 1/2-1/2

[Event "Sestola op"]
[Site "Sestola"]
[Date "1991.??.??"]
[Round "?"]
[White "Nicevski, Risto"]
[Black "Kovacevic, Slobodan"]
[Result "1-0"]
[WhiteElo "2345"]
[BlackElo "2370"]
[PlyCount "79"]
[EventDate "1991.06.??"]
[EventType "swiss"]
[EventRounds "9"]
[EventCountry "ITA"]
[SourceTitle "EXT 2005"]
[Source "ChessBase"]
[SourceDate "2004.11.15"]
[SourceVersion "1"]
[SourceVersionDate "2004.11.15"]
[SourceQuality "1"]

1. e4 c5 2. g3 Nc6 3. Bg2 g6 4. d3 Bg7 5. f4 d6 6. Nf3 Bg4 7. c3 e6 8. Nbd2 Nge7 9. 0-0 0-0 10. Qe1 Bxf3 11. Nxf3 d5 12. e5 Qd7 13. Bd2 a5 14. g4 Rae8 15. Qf2 b6 16. Rae1 Nd8 17. d4 c4 18. h4 f6 19. exf6 Bxf6 20. Bh3 Nc8 21. Ne5 Qe7 22. g5 Bxe5 23. Rxe5 Nd6 24. Rfe1 Qf7 25. Qf1 Re7 26. Bg4 Rfe8 27. Qh3 Nf5 28. h5 Nc6 29. R5e2 b5 30. hxg6 hxg6 31. Rh2 Qg7 32. Kg2 Nd8 33. Qf3 Rf8 34. b3 cxb3 35. axb3 Nb7 36. Bxf5 Rxf5 37. Reh1 Nd6 38. Qh3 Ne4 39. Qh8+ Kf7 40. Rh7 1-0

[Event "Cheliabinsk-A"]
[Site "Cheliabinsk"]
[Date "1991.??.??"]
[Round "?"]
[White "Nicevski, Risto"]
[Black "Magerramov, Elmar S"]
[Result "0-1"]
[WhiteElo "2345"]
[BlackElo "2560"]
[PlyCount "106"]
[EventDate "1991.12.??"]
[EventType "tourn"]
[EventRounds "15"]
[EventCountry "URS"]
[EventCategory "10"]
[SourceTitle "EXT 1997"]
[Source "ChessBase"]
[SourceDate "1996.11.15"]
[SourceVersion "1"]
[SourceVersionDate "1996.11.15"]
[SourceQuality "1"]

1. e4 c5 2. Nf3 d6 3. c3 Nf6 4. Bd3 Nc6 5. Bc2 Bg4 6. d3 e6 7. Nbd2 d5 8. Ba4 Qc7 9. Qe2 Be7 10. h3 Bh5 11. Nf1 0-0 12. Bxc6 bxc6 13. Ng3 Bg6 14. Nh4 Bd6 15. Nxg6 fxg6 16. 0-0 Bxg3 17. fxg3 dxe4 18. dxe4 Nh5 19. Bf4 Nxf4 20. gxf4 Rxf4 21. Qc4 Rxf1+ 22. Rxf1 Qd6 23. Qa4 h5 24. Rd1 Qc7 25. Qc4 Qe5 26. Rd3 Rf8 27. Qa4 Qf4 28. Rd1 Qf2+ 29. Kh2 Qe2 30. Rg1 Qxb2 31. Qxc6 Qxa2 32. Qxc5 Rf2 33. c4 Kh7 34. Qc8 e5 35. Qc7 Re2 36. c5 Rxe4 37. c6 Qd5 38. Qxa7 Qxc6 39. Qa2 Qf6 40. Rb1 Qf4+ 41. Kh1 Qg3 42. Qd2 Rf4 43. Qe1 Qd3 44. Rd1 Qb5 45. Rb1 Qd5 46. Ra1 Rc4 47. Ra5 Rc5 48. Ra4 Qc6 49. Qe4 Rc1+ 50. Kh2 Qc5 51. Kg3 Qg1 52. Ra3 Re1 53. Qf3 e4 0-1

[Event "Cheliabinsk-A"]
[Site "Cheliabinsk"]
[Date "1991.??.??"]
[Round "?"]
[White "Nicevski, Risto"]
[Black "Nielsen, Peter Heine"]
[Result "0-1"]
[WhiteElo "2345"]
[BlackElo "2445"]
[PlyCount "44"]
[EventDate "1991.12.??"]
[EventType "tourn"]
[EventRounds "15"]
[EventCountry "URS"]
[EventCategory "10"]
[SourceTitle "EXT 1997"]
[Source "ChessBase"]
[SourceDate "1996.11.15"]
[SourceVersion "1"]
[SourceVersionDate "1996.11.15"]
[SourceQuality "1"]

1. e4 e5 2. Nc3 Nf6 3. Bc4 Bc5 4. d3 d6 5. Be3 Be6 6. Bxe6 fxe6 7. Bxc5 dxc5 8. Qf3 Nc6 9. Qg3 0-0 10. Nf3 Nh5 11. Qg4 Nf4 12. g3 h5 13. Qg5 Nd4 14. 0-0-0 Nfe2+ 15. Nxe2 Nxe2+ 16. Kd2 Nd4 17. Qxh5 Rxf3 18. c3 Rxf2+ 19. Kc1 Ne2+ 20. Kb1 Qd6 21. Ka1 Nxc3 22. Rdf1 Qa6 0-1

[Event "Cheliabinsk-A"]
[Site "Cheliabinsk"]
[Date "1991.??.??"]
[Round "?"]
[White "Sorokin, Maxim"]
[Black "Nicevski, Risto"]
[Result "1-0"]
[WhiteElo "2510"]
[BlackElo "2345"]
[PlyCount "72"]
[EventDate "1991.12.??"]
[EventType "tourn"]
[EventRounds "15"]
[EventCountry "URS"]
[EventCategory "10"]
[SourceTitle "EXT 1997"]
[Source "ChessBase"]
[SourceDate "1996.11.15"]
[SourceVersion "1"]
[SourceVersionDate "1996.11.15"]
[SourceQuality "1"]

1. d4 Nf6 2. c4 g6 3. Nc3 Bg7 4. e4 d6 5. Be2 0-0 6. Bg5 Nbd7 7. f3 c6 8. Nh3 a6 9. Nf2 b5 10. 0-0 e5 11. d5 cxd5 12. cxd5 Nb6 13. Qd2 Qe8 14. Be3 Nc4 15. Bxc4 bxc4 16. Rfc1 Bd7 17. Ncd1 Bb5 18. Qb4 a5 19. Qxd6 Nh5 20. Nc3 Ba6 21. Qc7 f5 22. d6 Rf7 23. Qxa5 Bf8 24. Rd1 f4 25. Bb6 Nf6 26. Bc7 h5 27. b4 cxb3 28. axb3 Bb7 29. Qb6 Rxa1 30. Rxa1 Bc8 31. Ra8 Qe6 32. Nd3 Nd7 33. Qb5 Bxd6 34. Bxd6 Qxd6 35. Rxc8+ Kg7 36. Nd5 Qa3 1-0

[Event "Aosta op"]
[Site "Aosta"]
[Date "1989.??.??"]
[Round "?"]
[White "Delaney, John Anthony"]
[Black "Nicevski, Risto"]
[Result "1-0"]
[WhiteElo "2315"]
[BlackElo "2395"]
[PlyCount "63"]
[EventDate "1989.12.??"]
[EventType "swiss"]
[EventRounds "9"]
[EventCountry "ITA"]
[SourceTitle "EXT 1997"]
[Source "ChessBase"]
[SourceDate "1996.11.15"]
[SourceVersion "1"]
[SourceVersionDate "1996.11.15"]
[SourceQuality "1"]

1. e4 c5 2. Nc3 Nc6 3. Nf3 d6 4. d4 cxd4 5. Nxd4 Nf6 6. Bc4 Qb6 7. Nxc6 bxc6 8. 0-0 g6 9. Be3 Qxb2 10. Bd4 Qb4 11. Bxf6 exf6 12. Qd4 Be6 13. Nd5 Qc5 14. Nc7+ Kd7 15. Bxe6+ Kxc7 16. Qxf6 fxe6 17. Qxh8 Qe5 18. Qxe5 dxe5 19. Rfd1 Bc5 20. Kf1 g5 21. h3 Rf8 22. f3 h5 23. Ke2 g4 24. hxg4 hxg4 25. Rh1 gxf3+ 26. gxf3 Rg8 27. Rh7+ Kb6 28. Rb1+ Ka5 29. Rc7 Rg2+ 30. Kd3 Rf2 31. Rxc6 Rxf3+ 32. Kc4 1-0

[Event "Ragusa op"]
[Site "Ragusa"]
[Date "1989.??.??"]
[Round "?"]
[White "Nicevski, Risto"]
[Black "Fabiano, Giuseppe"]
[Result "1/2-1/2"]
[WhiteElo "2390"]
[BlackElo "2130"]
[PlyCount "36"]
[EventDate "1989.??.??"]
[EventType "swiss"]
[EventRounds "9"]
[EventCountry "ITA"]
[SourceTitle "EXT 1998"]
[Source "ChessBase"]
[SourceDate "1997.11.17"]
[SourceVersion "1"]
[SourceVersionDate "1997.11.17"]
[SourceQuality "1"]

1. e4 c5 2. Nc3 Nc6 3. Nge2 Nf6 4. a3 g6 5. Rb1 Bg7 6. b4 d6 7. h3 Nd4 8. d3 0-0 9. Nxd4 cxd4 10. Ne2 Ne8 11. Bb2 e5 12. c4 f5 13. Ng3 f4 14. Ne2 f3 15. gxf3 Bh6 16. Bg2 Qh4 17. Kf1 Ng7 18. Bc1 Bxc1 1/2-1/2

[Event "Warsaw op"]
[Site "Warsaw"]
[Date "1989.??.??"]
[Round "?"]
[White "Nicevski, Risto"]
[Black "Kekki, Petri"]
[Result "1-0"]
[WhiteElo "2395"]
[BlackElo "2305"]
[PlyCount "61"]
[EventDate "1989.04.??"]
[EventType "swiss"]
[EventRounds "9"]
[EventCountry "POL"]
[SourceTitle "EXT 1997"]
[Source "ChessBase"]
[SourceDate "1996.11.15"]
[SourceVersion "1"]
[SourceVersionDate "1996.11.15"]
[SourceQuality "1"]

1. e4 e6 2. d4 d5 3. Nd2 c5 4. Ngf3 cxd4 5. exd5 Qxd5 6. Bc4 Qd6 7. 0-0 Nf6 8. Nb3 Nc6 9. Nbxd4 Nxd4 10. Nxd4 Bd7 11. b3 0-0-0 12. a4 Ne4 13. Be3 Be7 14. Nb5 Bxb5 15. Qxd6 Rxd6 16. axb5 Nd2 17. Rfe1 Nxc4 18. bxc4 a6 19. c5 Rd5 20. bxa6 bxa6 21. Rxa6 Rhd8 22. c4 Rd1 23. Kf1 Kb7 24. Rb6+ Kc8 25. c6 Rxe1+ 26. Kxe1 Bd6 27. Ra6 Kb8 28. Ba7+ Kc8 29. Bb6 Bb4+ 30. Ke2 Rd2+ 31. Ke3 1-0

[Event "Warsaw op"]
[Site "Warsaw"]
[Date "1989.??.??"]
[Round "?"]
[White "Pieniazek, Artur"]
[Black "Nicevski, Risto"]
[Result "1-0"]
[WhiteElo "2315"]
[BlackElo "2395"]
[PlyCount "65"]
[EventDate "1989.04.??"]
[EventType "swiss"]
[EventRounds "9"]
[EventCountry "POL"]
[SourceTitle "EXT 1997"]
[Source "ChessBase"]
[SourceDate "1996.11.15"]
[SourceVersion "1"]
[SourceVersionDate "1996.11.15"]
[SourceQuality "1"]

1. d4 Nf6 2. c4 g6 3. Nf3 Bg7 4. g3 0-0 5. Bg2 c5 6. 0-0 Nc6 7. Nc3 cxd4 8. Nxd4 Qa5 9. e3 a6 10. Bd2 Rb8 11. Qe2 Qe5 12. Rfe1 e6 13. Rad1 d5 14. Nf3 Qc7 15. cxd5 exd5 16. e4 dxe4 17. Nxe4 Qb6 18. Bf4 Nxe4 19. Bxb8 Nxb8 20. Qxe4 Qxb2 21. Re2 Qa3 22. Ng5 Nc6 23. Qh4 h6 24. Nxf7 Rxf7 25. Bd5 Qf8 26. Bxf7+ Qxf7 27. Rd8+ Kh7 28. Rxc8 Nd4 29. Qe4 b5 30. Re3 h5 31. a3 a5 32. Rd3 Qd7 33. Rc5 1-0

[Event "Warsaw op"]
[Site "Warsaw"]
[Date "1989.??.??"]
[Round "?"]
[White "Rozentalis, Eduardas"]
[Black "Nicevski, Risto"]
[Result "1-0"]
[WhiteElo "2485"]
[BlackElo "2395"]
[PlyCount "59"]
[EventDate "1989.04.??"]
[EventType "swiss"]
[EventRounds "9"]
[EventCountry "POL"]
[SourceTitle "EXT 1997"]
[Source "ChessBase"]
[SourceDate "1996.11.15"]
[SourceVersion "1"]
[SourceVersionDate "1996.11.15"]
[SourceQuality "1"]

1. e4 d6 2. d4 Nf6 3. Nc3 g6 4. Nf3 Bg7 5. Be2 0-0 6. 0-0 c5 7. d5 Na6 8. Nd2 Nc7 9. a4 b6 10. Nc4 Ba6 11. Bf4 Rb8 12. Re1 Nd7 13. Na3 Bxe2 14. Qxe2 Qc8 15. Nab5 Rb7 16. Bg3 a6 17. Nxc7 Rxc7 18. f4 c4 19. e5 Qb7 20. Rad1 b5 21. axb5 axb5 22. Kh1 Nc5 23. f5 dxe5 24. Bxe5 Bxe5 25. Qxe5 Rd7 26. Qd4 Rc8 27. f6 b4 28. fxe7 Rxe7 29. Rxe7 Qxe7 30. d6 1-0

[Event "Ragusa op"]
[Site "Ragusa"]
[Date "1989.??.??"]
[Round "?"]
[White "Sericano, Claudio"]
[Black "Nicevski, Risto"]
[Result "1-0"]
[WhiteElo "2185"]
[BlackElo "2390"]
[PlyCount "73"]
[EventDate "1989.??.??"]
[EventType "swiss"]
[EventRounds "9"]
[EventCountry "ITA"]
[SourceTitle "EXT 1998"]
[Source "ChessBase"]
[SourceDate "1997.11.17"]
[SourceVersion "1"]
[SourceVersionDate "1997.11.17"]
[SourceQuality "1"]

1. d4 Nf6 2. Nf3 d6 3. Nc3 Nbd7 4. e4 e5 5. Bc4 Be7 6. 0-0 0-0 7. Qe2 c6 8. a4 Qc7 9. h3 h6 10. dxe5 dxe5 11. Nh4 Nc5 12. Ng6 Re8 13. f4 exf4 14. Bxf4 Qb6 15. a5 Qxb2 16. Rfb1 Qxc3 17. Be5 Qxa1 18. Bxa1 Nfxe4 19. Ne5 Be6 20. Bxe6 fxe6 21. Nd7 Rad8 22. Qg4 Ng5 23. Nxc5 Bxc5+ 24. Kh1 Rd7 25. h4 Nh7 26. Qh5 Red8 27. Qxc5 Rd1+ 28. Rxd1 Rxd1+ 29. Kh2 Rxa1 30. Qxa7 Nf6 31. Qxb7 h5 32. Qxc6 e5 33. a6 Kh7 34. Qb7 Ng4+ 35. Kh3 Rh1+ 36. Kg3 Re1 37. a7 1-0

[Event "Ragusa op"]
[Site "Ragusa"]
[Date "1989.??.??"]
[Round "?"]
[White "Sulava, Nenad"]
[Black "Nicevski, Risto"]
[Result "0-1"]
[WhiteElo "2380"]
[BlackElo "2390"]
[PlyCount "51"]
[EventDate "1989.??.??"]
[EventType "swiss"]
[EventRounds "9"]
[EventCountry "ITA"]
[SourceTitle "EXT 1998"]
[Source "ChessBase"]
[SourceDate "1997.11.17"]
[SourceVersion "1"]
[SourceVersionDate "1997.11.17"]
[SourceQuality "1"]

1. Nf3 g6 2. d4 Bg7 3. g3 d6 4. Bg2 Nf6 5. 0-0 0-0 6. a4 a5 7. Re1 Bg4 8. h3 Bxf3 9. exf3 e6 10. c3 Nbd7 11. Qb3 Qb8 12. f4 c6 13. Nd2 Qc7 14. Nf3 Rfb8 15. Bd2 b5 16. axb5 cxb5 17. Ng5 a4 18. Qa2 d5 19. f5 gxf5 20. Bf4 Qa5 21. Bxb8 Rxb8 22. h4 Rf8 23. Qa3 Bh8 24. b4 Qc7 25. Bf1 Qa7 26. Qc1 0-1

[Event "Ragusa op"]
[Site "Ragusa"]
[Date "1989.??.??"]
[Round "?"]
[White "Tradardi, Mario"]
[Black "Nicevski, Risto"]
[Result "1/2-1/2"]
[WhiteElo "2020"]
[BlackElo "2390"]
[PlyCount "26"]
[EventDate "1989.??.??"]
[EventType "swiss"]
[EventRounds "9"]
[EventCountry "ITA"]
[SourceTitle "EXT 1998"]
[Source "ChessBase"]
[SourceDate "1997.11.17"]
[SourceVersion "1"]
[SourceVersionDate "1997.11.17"]
[SourceQuality "1"]

1. e4 c5 2. Nf3 Nc6 3. d4 cxd4 4. c3 dxc3 5. Nxc3 a6 6. Bc4 b5 7. Bb3 e6 8. 0-0 d6 9. Qe2 Ra7 10. Be3 Rd7 11. Nxb5 axb5 12. Qxb5 Bb7 13. Rfc1 Nge7 1/2-1/2

[Event "Imperia op 30th"]
[Site "Imperia"]
[Date "1988.09.06"]
[Round "3.6"]
[White "Nicevski, Risto"]
[Black "Weindl, Alfred"]
[Result "1-0"]
[WhiteElo "2380"]
[BlackElo "2380"]
[PlyCount "107"]
[EventDate "1988.09.04"]
[EventType "swiss"]
[EventRounds "8"]
[EventCountry "ITA"]
[SourceTitle "EXT 2024"]
[Source "ChessBase"]
[SourceDate "2023.10.10"]
[SourceVersion "1"]
[SourceVersionDate "2023.10.10"]
[SourceQuality "1"]

1. e4 c5 2. Nf3 Nc6 3. Bb5 g6 4. 0-0 Bg7 5. Re1 Nf6 6. h3 0-0 7. c3 a6 8. Bxc6 bxc6 9. d4 cxd4 10. cxd4 d5 11. e5 Ne4 12. Nbd2 c5 13. dxc5 Nxc5 14. Nb3 Ne4 15. Nfd4 Bxe5 16. Nc6 Bh2+ 17. Kf1 Qc7 18. Qxd5 Bb7 19. Nba5 Bxc6 20. Nxc6 Nf6 21. Qf3 Bd6 22. Bg5 Rac8 23. Rac1 Qb6 24. Kg1 Rc7 25. Nxe7+ Bxe7 26. Rxc7 Qxc7 27. Bxf6 Bxf6 28. Qxf6 Qa5 29. Ra1 Re8 30. a3 Qd2 31. Qxa6 Qxb2 32. Rd1 Qc2 33. Rf1 Re7 34. Qa8+ Kg7 35. Qd5 h5 36. Qd1 Qc6 37. Qa1+ Kh7 38. Rc1 Qe8 39. Qf6 Re6 40. Qd4 Re4 41. Qf6 Re6 42. Qf3 Re4 43. g3 h4 44. g4 Qe7 45. Rc3 Re1+ 46. Kg2 Qe4 47. a4 Qe6 48. a5 Kg8 49. Rc6 Qe4 50. Qxe4 Rxe4 51. a6 Kg7 52. Rc7 Ra4 53. a7 Ra2 54. g5 1-0

[Event "Slupsk op"]
[Site "Slupsk"]
[Date "1988.08.09"]
[Round "6"]
[White "Nicevski, Risto"]
[Black "Petran, Peter"]
[Result "1/2-1/2"]
[WhiteElo "2365"]
[BlackElo "2335"]
[PlyCount "69"]
[EventDate "1988.08.04"]
[EventType "swiss"]
[EventRounds "11"]
[EventCountry "POL"]
[SourceTitle "EXT 2015"]
[Source "ChessBase"]
[SourceDate "2014.11.20"]
[SourceVersion "1"]
[SourceVersionDate "2014.11.20"]
[SourceQuality "1"]

1. e4 g6 2. d4 Bg7 3. c3 d6 4. Bg5 h6 5. Bh4 Nf6 6. Nd2 e5 7. dxe5 dxe5 8. Ngf3 Nbd7 9. Bc4 0-0 10. 0-0 g5 11. Bg3 Nh5 12. Re1 Nf4 13. h4 Nb6 14. hxg5 hxg5 15. Bb3 Qf6 16. Nh2 Qg6 17. Ndf1 Be6 18. Bxe6 fxe6 19. Qg4 Nd7 20. Nf3 Bh6 21. N1h2 Rae8 22. Rad1 Qg7 23. Bxf4 Rxf4 24. Qg3 Nf6 25. Nd2 g4 26. Qd3 Nh7 27. g3 Rf7 28. Qe2 Bxd2 29. Rxd2 Ng5 30. Qxg4 Nf3+ 31. Qxf3 Rxf3 32. Nxf3 Qf6 33. Kg2 Rd8 34. Red1 Rxd2 35. Rxd2 1/2-1/2

[Event "Slupsk op"]
[Site "Slupsk"]
[Date "1988.08.08"]
[Round "5"]
[White "Certek, Pavel"]
[Black "Nicevski, Risto"]
[Result "0-1"]
[WhiteElo "2260"]
[BlackElo "2365"]
[PlyCount "66"]
[EventDate "1988.08.04"]
[EventType "swiss"]
[EventRounds "11"]
[EventCountry "POL"]
[SourceTitle "EXT 2015"]
[Source "ChessBase"]
[SourceDate "2014.11.20"]
[SourceVersion "1"]
[SourceVersionDate "2014.11.20"]
[SourceQuality "1"]

1. d4 d6 2. c4 g6 3. Nc3 Bg7 4. g3 Nf6 5. Bg2 0-0 6. Nf3 Nbd7 7. h3 e5 8. e4 exd4 9. Nxd4 a6 10. 0-0 Rb8 11. Bf4 Re8 12. Re1 h6 13. Qc2 Ne5 14. b3 c5 15. Nde2 b5 16. cxb5 axb5 17. Rad1 Qe7 18. Be3 b4 19. Na4 Bb7 20. Nf4 Bc6 21. Nb2 Ra8 22. Nc4 Nxc4 23. Qxc4 Bxe4 24. Bc1 Qb7 25. Bxe4 Rxe4 26. Rxe4 Qxe4 27. Rxd6 Qxc4 28. bxc4 Ne4 29. Rd7 Rxa2 30. Nd3 Bd4 31. Kg2 Nxf2 32. Nxb4 cxb4 33. Rxd4 Nd3+ 0-1

[Event "Slupsk op"]
[Site "Slupsk"]
[Date "1988.08.05"]
[Round "2"]
[White "Nicevski, Risto"]
[Black "Czerwonski, Aleksander"]
[Result "1-0"]
[WhiteElo "2365"]
[BlackElo "2315"]
[PlyCount "45"]
[EventDate "1988.08.04"]
[EventType "swiss"]
[EventRounds "11"]
[EventCountry "POL"]
[SourceTitle "EXT 2015"]
[Source "ChessBase"]
[SourceDate "2014.11.20"]
[SourceVersion "1"]
[SourceVersionDate "2014.11.20"]
[SourceQuality "1"]

1. e4 e5 2. Nf3 Nc6 3. Bb5 a6 4. Bxc6 dxc6 5. 0-0 f6 6. d4 exd4 7. Nxd4 c5 8. Nb3 Qxd1 9. Rxd1 Bg4 10. f3 Bd7 11. Bf4 0-0-0 12. Nc3 c4 13. Na5 Bc5+ 14. Kh1 b5 15. Nd5 c6 16. b4 Ba7 17. Nc7 Bb8 18. Ne6 Bxf4 19. Nxc6 Nh6 20. Ne7+ Kb7 21. Nc5+ Ka8 22. Nxd7 Rhe8 23. Nd5 1-0

[Event "Dreszer Memorial"]
[Site "Gdynia"]
[Date "1988.??.??"]
[Round "3"]
[White "Juroszek, Tadeusz"]
[Black "Nicevski, Risto"]
[Result "1/2-1/2"]
[WhiteElo "2415"]
[BlackElo "2380"]
[PlyCount "52"]
[EventDate "1988.??.??"]
[EventType "tourn"]
[EventRounds "13"]
[EventCountry "POL"]
[EventCategory "5"]
[SourceTitle "EXT 1997"]
[Source "ChessBase"]
[SourceDate "1996.11.15"]
[SourceVersion "1"]
[SourceVersionDate "1996.11.15"]
[SourceQuality "1"]

1. e4 c5 2. Nf3 d6 3. d4 Nf6 4. Nc3 cxd4 5. Nxd4 Nc6 6. Bc4 Qb6 7. Ndb5 a6 8. Be3 Qd8 9. Nd4 Ng4 10. Nxc6 bxc6 11. Bg5 Qb6 12. Qd2 h6 13. Bf4 Qxb2 14. 0-0 Qb4 15. Be2 g5 16. Rab1 Qa5 17. Bxg4 Bxg4 18. Qd4 e5 19. Qc4 Rc8 20. Bg3 h5 21. f3 Be6 22. Qd3 Qc5+ 23. Bf2 Qc4 24. Rb6 Qxd3 25. cxd3 d5 26. Rxa6 d4 1/2-1/2